Industrie-4.0-spezifische Anforderungen an das Betriebswirtschafts-Studium: unter Berücksichtigung von Kernkompetenzen und Kooperationen zwischen Hochschulen und Unternehmen dizertačná práca

Uložené v:
Podrobná bibliografia
Hlavný autor: Wieczorek, Susann
Korporativný autor: Ekonomická univerzita v Bratislave. Fakulta podnikového manažmentu
Ďalší autori: Dorčák, Peter, 1979-
Médium: Kniha
Jazyk:German
Vydavateľské údaje: Bratislava 2020
Predmet:
Tagy: Pridať tag
Žiadne tagy, Buďte prvý, kto otaguje tento záznam!

MARC

LEADER 00000nbm a2200000 4500
001 0263926
005 20230302102228.0
041 0 |a ger 
044 |a SK 
245 1 0 |a Industrie-4.0-spezifische Anforderungen an das Betriebswirtschafts-Studium: unter Berücksichtigung von Kernkompetenzen und Kooperationen zwischen Hochschulen und Unternehmen  |b dizertačná práca  |c Susann Wieczorek ; školiteľ: Peter Dorčák 
264 1 |a Bratislava  |c 2020 
300 |a 146 s. 
610 2 0 |a priemysel 4.0 
610 2 0 |a hospodárstvo podnikové 
610 2 0 |a kompetencie 
610 2 0 |a digitalizácia 
610 2 0 |a univerzity 
610 2 0 |a podnik 
100 1 |a Wieczorek, Susann 
700 1 |a Dorčák, Peter, 1979- 
710 2 |a Ekonomická univerzita v Bratislave. Fakulta podnikového manažmentu